| 000 | 00787nam a2200217Ia 4500 | ||
|---|---|---|---|
| 001 | 2967 | ||
| 003 | GE_BSU | ||
| 008 | 181216s||||||||xx |||||||||||||| ||und|| | ||
| 040 | _cGE_BSU | ||
| 080 | _a622.32 | ||
| 100 | _aЯблонский,В.С. Новоселов,В.Ф. Галеев,В.Б. Закиров,Г.З. | ||
| 245 | _aПроектирование, эксплуатация и ремонт нефтепродуктопроводов. | ||
| 245 | _bУчебник. | ||
| 245 | _cВед. ред. Е.И.Зубарева. | ||
| 260 | _aМ. | ||
| 260 | _bНедра. | ||
| 260 | _c1965. | ||
| 300 | _a410 стр. с илл. 22 см. | ||
| 653 | _aПроектирование, эксплуатация и ремонт нефтепродуктопроводов. | ||
| 942 | _cBK | ||
| 999 |
_c37015 _d37015 |
||